| 000 | 00596nam a22002177a 4500 | ||
|---|---|---|---|
| 003 | UA-OsUOA | ||
| 001 | 36691 | ||
| 007 | ta | ||
| 008 | 20060210b un ||||| |||| 00| 0 ukr d | ||
| 100 | _aІжик П. | ||
| 090 |
_a330 _bЧ-71 |
||
| 942 | _cSA | ||
| 040 |
_aUA-OsUOA _bukr _cUA-OsUOA _dUA-OsUOA |
||
| 245 | _aНа порозі світових ринків. Названо черговий термін вступу України до СОТ | ||
| 300 | _aС.5 | ||
| 955 | _a0 | ||
| 041 | _aukr | ||
| 080 | _a330 | ||
| 773 | 0 | _w36689 | |
| 650 | 7 |
_a330 Економіка взагалі _2UDC |
|
| 999 |
_c322925 _d322925 |
||